| 000 | 01176cam a2200325 a 4500 | ||
|---|---|---|---|
| 999 |
_c20430 _d20430 |
||
| 001 | 4830426 | ||
| 003 | OSt | ||
| 005 | 20200616102251.0 | ||
| 008 | 890427s1989 ii abf b 001 0 eng | ||
| 010 | _a 89900932 | ||
| 020 |
_a8170350565 : _cRs160.00 |
||
| 025 | _aI E 59480 | ||
| 040 |
_aDLC _coclc _dDLC |
||
| 043 | _aa-ii--- | ||
| 050 | 0 | 0 |
_aHN690.G348 _bS46 1989 |
| 082 | 0 | 0 |
_a307.1412095414 _bSEN/E |
| 100 |
_aSen, Sukla _d1948- _92944 |
||
| 245 | 1 | 0 |
_aEvolution of rural settlements in West Bengal, 1850-1985 : _ba case study / _cSukla Sen ; Jyotirmoy Sen |
| 260 |
_aDelhi : _bDaya Pub. House, _c1989. |
||
| 300 |
_axx, 168 p., [4] p. of plates : _bill., maps (some folded) ; _c23 cm. |
||
| 500 | _aIncludes index. | ||
| 504 | _aBibliography: p. [159]-164. | ||
| 650 | 0 |
_aHuman settlements _zIndia _zWest Bengal. |
|
| 650 | 0 |
_aVillages _zGanges River Delta (Bangladesh and India) |
|
| 650 | 0 |
_aVillages _zIndia _zWest Bengal. |
|
| 700 | 1 |
_aSen, Jyotirmoy, _d1951- |
|
| 906 |
_a7 _bcbc _corignew _d3 _encip _f19 _gy-gencatlg |
||
| 942 |
_2ddc _cBK _h307.1412095414 _iSEN/E _k307.1412095414 _mSEN/E |
||